Obras
محفوظ في:
| المؤلف الرئيسي: | |
|---|---|
| التنسيق: | كتاب |
| اللغة: | الإسبانية |
| منشور في: |
Madrid
Castalia
1980
|
| سلاسل: | Clásicos Castalia
|
| الموضوعات: | |
| الوسوم: |
إضافة وسم
لا توجد وسوم, كن أول من يضع وسما على هذه التسجيلة!
|
MARC
| LEADER | 00000nam a2200000 a 4500 | ||
|---|---|---|---|
| 001 | UCX6268 | ||
| 003 | CL-VaPUC | ||
| 008 | 930510e19800000SP |||||||||||||||||spa|d | ||
| 082 | 0 | 4 | |a 861 |b VIL |2 21 |
| 100 | 0 | |a Villamediana, Juan de Tassio |e author |9 322698 | |
| 245 | 1 | 0 | |a Obras |
| 300 | |a 130 p | ||
| 942 | |c BK | ||
| 945 | |d 19930510 00:00:00 | ||
| 260 | |a Madrid |b Castalia |c 1980 | ||
| 650 | 0 | |a Poesías españolas |9 265100 | |
| 583 | |a last modification |c 19930510 00:00:00 |k Rodrigo Vera | ||
| 490 | 0 | |a Clásicos Castalia | |
| 999 | |c 226318 |d 226316 | ||
| 952 | |0 0 |1 0 |4 0 |6 861_000000000000000_VIL_1980 |7 0 |8 A |9 224582 |a BIBEDU |b BIBEDU |d 2019-11-15 |i 2933322 |o 861 VIL 1980 |p 2933322 |r 2019-11-15 |w 2019-11-15 |y BK |k LIT | ||